[Event "Chinese Teams 2013"]
[Site "Qingdao CHN"]
[Date "2013.10.10"]
[Round "11.5"]
[White "Najer,E"]
[Black "Ma Qun"]
[Result "1-0"]
[WhiteElo "2626"]
[BlackElo "2600"]

1.d4 d5 2.c4 c6 3.Nf3 Nf6 4.Nc3 dxc4 5.a4 Bf5 6.e3 e6 7.Bxc4 Bb4 8.O-O Nbd7
9.Qe2 O-O 10.e4 Bg6 11.Bd3 Bh5 12.e5 Nd5 13.Nxd5 cxd5 14.Qe3 h6 15.Ne1 f5
16.Bb1 Rc8 17.Nd3 Be7 18.Bd2 g5 19.a5 Bg6 20.f4 g4 21.b4 b6 22.Nf2 h5 23.Bd3 Nb8
24.b5 Rf7 25.axb6 axb6 26.h3 gxh3 27.Nxh3 Nd7 28.Rfc1 Rxc1+ 29.Rxc1 Nf8 30.Be2 Rg7
31.Qc3 Be8 32.Qc8 Bd7 33.Qxd8 Bxd8 34.Bxh5 Ng6 35.Kf2 Ne7 36.Ng5 Nc8 37.Be8 Bxg5
38.Bxd7 Rxd7 39.Rxc8+ Bd8 40.g4 Kf7 41.g5 Be7 42.Rb8 Bd8 43.Bb4 Kg6 44.Bd6 Kf7
45.Kg3 Kg6 46.Rc8 Kf7 47.Bb4 Be7 48.Bxe7 Rxe7 49.Kh4 Kg6 50.Rg8+  1-0

[Event "7th Univ Cent Open 2013"]
[Site "Bogota COL"]
[Date "2013.10.11"]
[Round "3.32"]
[White "Puentes,Gabriel Francisco"]
[Black "Torres,Ju2"]
[Result "0-1"]
[WhiteElo "1891"]
[BlackElo "2343"]

1.d4 d5 2.c4 c6 3.Nc3 Nf6 4.Nf3 dxc4 5.a4 Bf5 6.e3 e6 7.Bxc4 Bb4 8.Nd2 O-O
9.O-O Nbd7 10.Qb3 a5 11.Re1 e5 12.Nf3 Qe7 13.Bd2 Bg4 14.Nxe5 Nxe5 15.dxe5 Qxe5
16.f3 Bh5 17.Rad1 Bd6 18.f4 Qc5 19.Be2 Bxf4  0-1

[Event "7th Univ Cent Open 2013"]
[Site "Bogota COL"]
[Date "2013.10.11"]
[Round "4.8"]
[White "Otero Acosta,D"]
[Black "Chirivi C,Y"]
[Result "1-0"]
[WhiteElo "2519"]
[BlackElo "2177"]

1.d4 d5 2.c4 c6 3.Nc3 Nf6 4.Nf3 dxc4 5.a4 Bf5 6.Ne5 e6 7.e3 Nbd7 8.Nxd7 Qxd7
9.Bxc4 Bb4 10.O-O O-O 11.Qe2 Bg6 12.f3 Rfd8 13.Rd1 c5 14.dxc5 Qc7 15.Rxd8+ Rxd8
16.e4 Bxc5+ 17.Kh1 h6 18.Bd2 a6 19.Be1 Bd6 20.g3 Be5 21.Ba2 Qc6 22.a5 Rd4
23.Rc1 Qd7 24.Bb1 Bc7 25.Qe3 e5 26.Ne2 Rd1 27.Rxd1 Qxd1 28.Nc3 Qd6 29.Qa7 Bxa5
30.Qxb7 Kh7 31.Qb3 Nd7 32.Bf2 Bb6 33.Bxb6 Nxb6 34.Qd1 Qb4 35.Qe2 Nc4 36.Nd1 f6
37.Bd3 Bf7 38.Kg2 a5 39.Bxc4 Bxc4 40.Qf2 Bd3 41.Ne3 Qc5 42.Nd5 Qc1 43.g4 Kg6
44.Ne7+ Kh7 45.Nf5 a4 46.Kg3 Qf4+ 47.Kg2 Qc1 48.h4 a3 49.bxa3 Qxa3 50.Qd2 Bb5
51.g5 hxg5 52.hxg5 Qa1 53.gxf6 Qf1+ 54.Kh2 Qxf3 55.fxg7 Qh5+ 56.Kg3 Qg6+
57.Kf2 Qb6+ 58.Kf3 Bc4 59.Qh2+  1-0

[Event "4th Continental Class 2013"]
[Site "Arlington USA"]
[Date "2013.10.12"]
[Round "6.10"]
[White "Kaufman,La"]
[Black "Pressman,L"]
[Result "1/2-1/2"]
[WhiteElo "2347"]
[BlackElo "2250"]

1.d4 d5 2.c4 c6 3.Nf3 Nf6 4.Nc3 dxc4 5.a4 Bf5 6.Ne5 e6 7.f3 c5 8.e4 Bg6 9.Be3 Nc6
10.Nxc6 bxc6 11.Bxc4 Qa5 12.Qe2 cxd4 13.Bxd4 Bc5 14.Bxc5 Qxc5 15.Nd1 O-O
16.Ne3 Nd5 17.Bxd5 exd5 18.O-O dxe4 19.f4 Bh5 20.Qf2 f5 21.Rfc1 Qb6 22.Rc3 Rad8
23.Rac1 Rd3 24.Nc4 Rxc3 25.Rxc3 Qxf2+ 26.Kxf2 Rb8 27.b3 Bf7 28.Na5  1/2-1/2

[Event "7th Univ Cent Open 2013"]
[Site "Bogota COL"]
[Date "2013.10.12"]
[Round "5.30"]
[White "Almanza,R"]
[Black "Gonzalez Lopez,Nicolas Mateo"]
[Result "1-0"]
[WhiteElo "2174"]
[BlackElo "1844"]

1.d4 c6 2.c4 d5 3.Nf3 Nf6 4.Nc3 dxc4 5.a4 Bf5 6.e3 e6 7.Bxc4 Bb4 8.O-O O-O
9.Nh4 Bg4 10.f3 Bh5 11.g4 Nd5 12.Qe1 Bg6 13.Bd2 Be7 14.Ng2 Nb4 15.Qe2 c5
16.f4 cxd4 17.exd4 Nc2 18.Rab1 Nxd4 19.Qf2 Bc5 20.Be3 Nbc6 21.Nb5 e5 22.f5 Bxf5
23.gxf5 Qf6 24.Nc3  1-0

[Event "TCh-Belgrade Premier liga 2013"]
[Site "Belgrade SRB"]
[Date "2013.10.13"]
[Round "2.4"]
[White "Milicevic,A"]
[Black "Velikic,A"]
[Result "1/2-1/2"]
[WhiteElo "2192"]
[BlackElo "2045"]

1.d4 d5 2.c4 c6 3.Nf3 Nf6 4.Nc3 dxc4 5.a4 Bf5 6.e3 e6 7.Bxc4 Bb4 8.O-O O-O
9.Qe2 Bg6 10.Rd1 Nbd7 11.Bd3 Bxd3 12.Rxd3 Qe7 13.e4 e5 14.Bg5 exd4 15.Rxd4 Bxc3
16.bxc3 h6 17.Bh4 Rfe8 18.Rad1 Qe6 19.h3 c5 20.Rd6 Qxe4 21.Qxe4 Rxe4 22.Rxd7 Nxd7
23.Rxd7 Rxa4 24.Rxb7 a5 25.Be7 Ra1+ 26.Kh2 a4 27.Bxc5 a3 28.Bxa3 R8xa3 29.c4 Rc1
30.Rb8+ Kh7 31.Rb7 Ra2 32.Rxf7 Kg8 33.Ne5 Re2 34.Rf5 Kh7 35.h4 Rce1 36.Nf3 Rc1
37.Ne5 Re4 38.h5 Rc3 39.g3 Rexc4 40.Nxc4 Rxc4 41.Kh3 Rb4 42.Rc5 Rb7 43.Re5  1/2-1/2

[Event "Chinese Teams 2013"]
[Site "Qingdao CHN"]
[Date "2013.10.13"]
[Round "14.1"]
[White "Li Shilong"]
[Black "Ma Qun"]
[Result "1-0"]
[WhiteElo "2523"]
[BlackElo "2600"]

1.d4 d5 2.c4 c6 3.Nf3 Nf6 4.Nc3 dxc4 5.a4 Bf5 6.e3 e6 7.Bxc4 Bb4 8.O-O Nbd7
9.Qe2 O-O 10.e4 Bg6 11.Bd3 Bh5 12.e5 Nd5 13.Nxd5 cxd5 14.Qe3 Be7 15.Bd2 Nb8
16.Ne1 Bg6 17.f4 Nc6 18.Bc3 Qd7 19.g4 Bxd3 20.Nxd3 Rae8 21.b4 Qd8 22.b5 Na5
23.Bxa5 Qxa5 24.f5 Qd8 25.Kh1 Bg5 26.Qg3 Bh4 27.Qh3 Bg5 28.Nc5 Qe7 29.Qh5 b6
30.f6 gxf6 31.exf6 Bxf6 32.Ra3 Bh8 33.Rh3 f6 34.Nxe6 Rf7 35.Re3 Qd7 36.Rfe1 Rfe7
37.Qf5 Qd6 38.Rh3 Qd7 39.Rhe3 Qd6 40.g5 Rf7 41.g6 Rfe7 42.gxh7+ Rxh7 43.Qg6+  1-0

[Event "TCh-Belgrade Premier liga 2013"]
[Site "Belgrade SRB"]
[Date "2013.10.15"]
[Round "4.2"]
[White "Stajcic,V"]
[Black "Rajcevic,S"]
[Result "1/2-1/2"]
[WhiteElo "2032"]
[BlackElo "2063"]

1.d4 d5 2.c4 c6 3.Nf3 Nf6 4.Nc3 dxc4 5.a4 Bf5 6.Nh4 e6 7.Nxf5 exf5 8.e3 Bb4
9.Bxc4 O-O 10.O-O Qc7 11.g3 Nbd7 12.Bd2 Qa5 13.Qc2 Rad8 14.Rfd1  1/2-1/2

[Event "TCh-CZE Vychod 2013-14"]
[Site "Czech Rep CZE"]
[Date "2013.10.20"]
[Round "1.2"]
[White "Rojicek,V"]
[Black "Bures,J"]
[Result "1/2-1/2"]
[WhiteElo "2424"]
[BlackElo "2377"]

1.d4 d5 2.c4 c6 3.Nc3 Nf6 4.Nf3 dxc4 5.a4 Bf5 6.e3 e6 7.Bxc4 Bb4 8.O-O O-O
9.Qe2 Nbd7 10.e4 Bg6 11.Bd3 Bh5 12.e5 Nd5 13.Nxd5 cxd5 14.Qe3 Be7 15.Bd2 Nb8
16.Ne1 Bg6 17.Bxg6 fxg6 18.Bc3 Nc6 19.Nc2 a6 20.a5 Rc8 21.Qh3 Qd7 22.f4 Na7
23.Rf3 Nb5 24.Raf1 Nxc3 25.bxc3 Bd8 26.g4 Bxa5 27.f5 gxf5 28.gxf5 exf5 29.Rxf5 Rxf5
30.Rxf5 Qe8 31.Rf3 Rc6 32.Kh1 h6 33.Ne1 Qc8 34.Qh5 Rxc3 35.Qf7+ Kh8 36.e6 Rc1
37.Rf1 Qg8 38.Qd7 Qd8 39.Qf7 Qg8 40.Qd7 Qd8 41.Qf7  1/2-1/2

[Event "Caissa IM Oct 2013"]
[Site "Kecskemet HUN"]
[Date "2013.10.22"]
[Round "4.4"]
[White "Kojima,S"]
[Black "Hajnal,Z"]
[Result "1/2-1/2"]
[WhiteElo "2344"]
[BlackElo "2346"]

1.Nf3 d5 2.d4 Nf6 3.c4 c6 4.Nc3 dxc4 5.a4 Bf5 6.Ne5 e6 7.f3 c5 8.e4 Bg6 9.Be3 cxd4
10.Qxd4 Qxd4 11.Bxd4 Nfd7 12.Nxd7 Nxd7 13.Bxc4 a6 14.Rc1 Rg8 15.h4 h5 16.Ne2 Bd6
17.Be3 Ne5 18.Nf4 Rc8 19.Bb3 Rxc1+ 20.Bxc1 Ke7 21.Ke2 Rb8 22.Rd1 b5 23.axb5 Rxb5
24.Ba4 Rb6 25.b3 f6 26.Rxd6 Kxd6 27.Ba3+ Kc7 28.Bc5 Bf7 29.Bxb6+ Kxb6 30.Nd3 Nxd3  1/2-1/2

[Event "Dombai Open 2013"]
[Site "Dombai RUS"]
[Date "2013.10.24"]
[Round "7.1"]
[White "Lastin,A"]
[Black "Kovalenko,I"]
[Result "1/2-1/2"]
[WhiteElo "2516"]
[BlackElo "2644"]

1.d4 d5 2.c4 c6 3.Nf3 Nf6 4.Nc3 dxc4 5.a4 Bf5 6.Ne5 Nbd7 7.Nxc4 Nb6 8.Ne5 a5
9.g3 e6 10.Bg2 Bb4 11.O-O O-O 12.e3 h6 13.Qe2 Bh7 14.Rd1 Nbd7 15.Nd3 Qb6
16.Bd2 Rfd8 17.Be1 Bxd3 18.Qxd3 e5 19.Qf5 exd4 20.exd4 Re8 21.Rac1 Rad8 22.h3 Re7
23.Bd2 Qxd4 24.Bxh6 Qe5 25.Qxe5 Rxe5 26.Bf4 Ree8 27.Na2 Bf8 28.Bc7 Ra8 29.Nc3 Rec8
30.Bf4 Nc5 31.Bf1 Nfd7 32.Bc4 Nb6 33.Ba2 Re8 34.Rd4 Ne6 35.Re4 Nc5 36.Rd4 Ne6
37.Re4 Nc5 38.Rd4  1/2-1/2

[Event "Dombai Open 2013"]
[Site "Dombai RUS"]
[Date "2013.10.25"]
[Round "8.1"]
[White "Kovalenko,I"]
[Black "Savchenko,B"]
[Result "1/2-1/2"]
[WhiteElo "2644"]
[BlackElo "2602"]

1.d4 Nf6 2.Nf3 d5 3.c4 c6 4.Nc3 dxc4 5.a4 Bf5 6.Ne5 e6 7.Bg5 c5 8.e4 Qxd4
9.Qxd4 cxd4 10.exf5 dxc3 11.O-O-O Nc6 12.Nxc6 cxb2+ 13.Kxb2 bxc6 14.Bxf6 Rb8+
15.Kc2 gxf6 16.fxe6 Rb4 17.exf7+ Kxf7 18.Rd4 Bc5 19.Bxc4+ Kg6 20.Rg4+ Kh6
21.Rd1 f5 22.Rf4 Re8 23.Kc3 Kg5 24.g3 Rxa4 25.h4+ Kf6 26.g4 Re5 27.Rd7 Be7
28.g5+ Kg7 29.Rb7 h6 30.Rd4 hxg5 31.Rdd7 gxh4 32.Rxe7+ Rxe7 33.Rxe7+ Kf6
34.Re6+ Kg5 35.Rxc6 Kg4 36.Bd5 Rf4 37.Rg6+ Kh5 38.Bf7 h3 39.Kd3 a5 40.Rc6+ Kg4
41.Ke2 Rb4 42.Rc1 a4 43.Kf1 Rd4 44.Kg1 a3 45.Rc2 Rb4 46.Ra2 Rb1+ 47.Kh2 Rb2
48.Rxa3 Rxf2+ 49.Kg1 Re2  1/2-1/2

[Event "17th Unive Open 2013"]
[Site "Hoogeveen NED"]
[Date "2013.10.26"]
[Round "9.33"]
[White "Lesman,F"]
[Black "Smeets,Pierre"]
[Result "0-1"]
[WhiteElo "2109"]
[BlackElo "2076"]

1.d4 d5 2.c4 c6 3.Nf3 Nf6 4.Nc3 dxc4 5.a4 Bf5 6.e3 e6 7.Bxc4 Bb4 8.O-O O-O
9.Qe2 Bg6 10.Rd1 Qe7 11.Na2 Bd6 12.Nc3 Nbd7 13.e4 e5 14.d5 h6 15.dxc6 bxc6
16.Nh4 Bh7 17.g3 Rfd8 18.f3 Nc5 19.Be3 Ne6 20.Rac1 Nd4 21.Qf2 Rab8 22.Ng2 g5
23.h3 a5 24.Ne1 Kg7 25.Nd3 Bg6 26.Re1 Nd7 27.f4 f6 28.Nd1 Bxe4 29.Bxd4 exd4
30.Qxd4 Bc5 31.Nxc5 Nxc5 32.Qc3 Qd6 33.Bf1 Nxa4 34.Qc4 Rb4 35.Qe2 Qd4+ 36.Nf2 Rxb2
37.Qe3 Qxe3 38.Rxe3 Bd5 39.fxg5 hxg5 40.Re7+ Kf8 41.Ra7 Rbb8 42.Re1 Re8 43.Rxe8+ Rxe8
44.Rxa5 Nc3 45.Ng4 Kf7 46.Bd3 Be4 47.Bc4+ Kg6 48.Ra7 Bd5 49.Bd3+ f5 50.Rd7 Re6
51.Nf2 Re1+ 52.Kh2 Nd1  0-1

[Event "13th Sautron Open 2013"]
[Site "Sautron FRA"]
[Date "2013.10.29"]
[Round "5.2"]
[White "Le Roux,JP"]
[Black "Avrukh,B"]
[Result "1/2-1/2"]
[WhiteElo "2571"]
[BlackElo "2576"]

1.d4 d5 2.Nf3 Nf6 3.c4 c6 4.Nc3 dxc4 5.a4 Bf5 6.e3 e6 7.Bxc4 Nbd7 8.a5 Bd6
9.O-O O-O 10.h3 h6 11.Re1 Bb4 12.a6 bxa6 13.Rxa6 c5 14.Bd2 Qc8 15.Be2 Qb7
16.Nh4 Be4 17.Nxe4 Nxe4 18.Bxb4 Qxb4 19.Nf3 Qxb2 20.Qa1 Qb7 21.Ne5 cxd4 22.exd4 Nxe5
23.dxe5 Nc5 24.Ra3 Rad8 25.Rxa7 Qb4  1/2-1/2

[Event "Stockholm All Saints Open 2013"]
[Site "Stockholm SWE"]
[Date "2013.10.31"]
[Round "2.1"]
[White "Hallerod,R"]
[Black "Blomqvist,E"]
[Result "0-1"]
[WhiteElo "2124"]
[BlackElo "2505"]

1.d4 d5 2.c4 c6 3.Nf3 Nf6 4.Nc3 dxc4 5.a4 Bf5 6.e3 e6 7.Bxc4 Bb4 8.O-O O-O
9.Qe2 Bg6 10.Ne5 Nbd7 11.Nd3 Bxd3 12.Bxd3 Qa5 13.e4 e5 14.f4 exd4 15.Na2 Nc5
16.Nxb4 Qxb4 17.Bd2 Qb3 18.Rf3 Nxd3 19.Rxd3 Qxb2 20.Raa3 Rfe8 21.e5 Nd5 22.Qg4 Nc3
23.Raxc3 dxc3 24.Rg3 Qb1+ 25.Kf2 Qg6 26.Qe2 Qc2 27.Rxc3 Qxa4 28.Rg3 Rad8
29.Bc3 Qxf4+ 30.Kg1 Re6  0-1

[Event "e2e4 Gatwick Nov Open"]
[Site "Crawley ENG"]
[Date "2013.11.02"]
[Round "2"]
[White "Sowray,P"]
[Black "Giles,Yasmin"]
[Result "1-0"]
[WhiteElo "2323"]
[BlackElo "1892"]

1.d4 d5 2.c4 c6 3.Nf3 Nf6 4.Nc3 dxc4 5.a4 Bf5 6.Ne5 Nbd7 7.Nxc4 Nb6 8.Ne5 a5
9.Bg5 g6 10.f3 Be6 11.e4 Bg7 12.Be2 Nxe4 13.fxe4 f6 14.Be3 fxe5 15.d5 cxd5
16.Bb5+ Kf8 17.Qf3+ Kg8 18.exd5 e4 19.Qxe4 Bf5 20.Qf3 Nd7 21.d6 Ne5 22.Qxb7 exd6
23.Qd5+ Kf8 24.O-O Rc8 25.h3 h5 26.Rad1 Nf7 27.Bd4 Ne5 28.Ne4 Qh4 29.Nxd6 Nf3+
30.Rxf3 Bxd4+ 31.Rxd4 Qe1+ 32.Kh2  1-0

[Event "80th ch-BRA S/F 1 2013"]
[Site "Rio de Janeiro BRA"]
[Date "2013.11.03"]
[Round "7.4"]
[White "Molina,Rob"]
[Black "Pires,M"]
[Result "1-0"]
[WhiteElo "2416"]
[BlackElo "2144"]

1.d4 d5 2.c4 c6 3.Nf3 Nf6 4.Nc3 dxc4 5.a4 Bf5 6.Ne5 Nbd7 7.Nxc4 Nb6 8.Ne5 a5
9.f3 Nfd7 10.Nxd7 Nxd7 11.e4 Bg6 12.Be2 e6 13.Be3 Bb4 14.O-O O-O 15.Qb3 Qb6
16.Bf2 Bc5 17.Qc4 Bd6 18.Rfd1 Qc7 19.g3 Rfe8 20.Rac1 Rac8 21.Qb3 Qb8 22.Kg2 f6
23.Bc4 Bf7 24.f4 Bc7 25.f5 Nf8 26.d5 exd5 27.exd5 Bd6 28.dxc6 Bxc4 29.Qxc4+ Kh8
30.Qd5 Rxc6 31.Nb5 Re5 32.Qxd6 Rxd6 33.Nxd6 Re8 34.Nxe8 Qxe8 35.Re1 Qd7 36.Rcd1 Qc6+
37.Kg1 Kg8 38.Re7 h5 39.Rd8 Qc1+ 40.Re1 Qc2 41.Ree8 Kh7 42.Rxf8 Qb1+ 43.Kg2 Qe4+
44.Kf1 Qb1+ 45.Ke2 Qe4+ 46.Be3 Qxf5 47.Rh8+ Kg6 48.Rhe8 Qc2+ 49.Rd2 Qxa4
50.Red8 Qg4+ 51.Ke1 Qe4 52.Re2 Qb1+ 53.Rd1 Qe4 54.Kf2 Qf5+ 55.Kg1 Qf3 56.Rde1 b5
57.Bf2 a4 58.Re4 Qb3 59.Bd4 b4 60.R4e2 Qc4 61.Bf2 Qb3 62.Rd2 Qa2 63.Rde2 Qc4
64.Re7 Qb3 65.Bd4 Qd3 66.Bf2 Qc2 67.R7e2 Qb3 68.h3 Qa2 69.Kh2 Qb3 70.Rd2 Qc4
71.Re7 Qf1 72.Rc7 b3 73.Re7 Qb1 74.Re1 Qf5 75.h4 Qf3 76.Ra1 Qe4 77.Bd4 Qc6
78.Bc3 Qe4 79.Rf2 Qe3 80.Kg2 Qe4+ 81.Kg1 Qe3 82.Rxa4 Kh7 83.Kg2 Qe8 84.Ra5 Qe4+
85.Kh2 Kg6 86.Raf5 Qb1 87.R5f3 Qd1 88.Rf4 Qd3 89.Rd4 Qb5 90.Rfd2 Qe8 91.Rb4 Qe6
92.Rb7 Qc4 93.Rb6 Qf7 94.Rf2 Qc4 95.Rb4 Qd5 96.Rg2 Kh7 97.Rf4 Qd6 98.Rd2 Qe6
99.Rdf2 Qe3 100.Bd4 Qd3 101.Rg2 Qa6 102.Bg1 Qd6 103.Rd4 Qe5 104.Rgd2 Qe1
105.R4d3 Qe8 106.Bf2 Qe4 107.Rc3 Qe6 108.Rf3 Qc4 109.Rdd3 Qc2 110.Rxb3 Qe2
111.Kg2 Qc2 112.Rb5 Qe4 113.Rxh5+  1-0

[Event "Chinese Teams 2013"]
[Site "Shijiazhuang CHN"]
[Date "2013.11.12"]
[Round "16.1"]
[White "Wang Doudou"]
[Black "Munguntuul,B"]
[Result "1/2-1/2"]
[WhiteElo "2222"]
[BlackElo "2449"]

1.d4 d5 2.c4 c6 3.Nc3 Nf6 4.Nf3 dxc4 5.a4 Bf5 6.e3 e6 7.Bxc4 Bb4 8.O-O Nbd7
9.Qe2 Bg6 10.e4 O-O 11.Bd3 Bh5 12.e5 Nd5 13.Nxd5 cxd5 14.Qe3 Re8 15.Ng5 Bg6
16.Bxg6 fxg6 17.Bd2 Bxd2 18.Qxd2 Rc8 19.Rac1 Qe7 20.Rxc8 Rxc8 21.Rc1 Rc6
22.h3 Nb8 23.Nf3 h6 24.Rxc6 Nxc6 25.Qc2 Qf7 26.Qc5 Qf5 27.Qb5 Qc2 28.Qxb7 Qc1+
29.Kh2 Qf4+ 30.Kg1 Qc1+ 31.Kh2 Qf4+ 32.Kg1 Qc1+  1/2-1/2

[Event "Chinese Teams 2013"]
[Site "Shijiazhuang CHN"]
[Date "2013.11.13"]
[Round "17.5"]
[White "Zhou Jianchao"]
[Black "Ma Qun"]
[Result "1/2-1/2"]
[WhiteElo "2567"]
[BlackElo "2595"]

1.d4 d5 2.c4 c6 3.Nf3 Nf6 4.Nc3 dxc4 5.a4 Bf5 6.Ne5 Nbd7 7.Nxc4 Nb6 8.Ne5 a5
9.e3 Nbd7 10.Nc4 e6 11.f3 Nb6 12.e4 Nxc4 13.Bxc4 Bg6 14.Be3 Bb4 15.O-O O-O
16.Qb3 Qc7 17.Ne2 Nd7 18.Nf4 e5 19.Nxg6 hxg6 20.d5 cxd5 21.Bxd5 Bc5 22.Rac1 Rac8
23.Kh1 b6 24.f4 Nf6 25.f5 Nxd5 26.exd5 gxf5 27.Rxf5 Qd6 28.Rcf1 f6 29.R5f3 Rfd8
30.Rd1 Bxe3 31.Rxe3 Rc5 32.Rc3 Rdc8 33.Rxc5 Rxc5 34.Qd3 Rc8  1/2-1/2

[Event "4th Brno Open 2013"]
[Site "Brno CZE"]
[Date "2013.11.17"]
[Round "2.2"]
[White "Kojima,S"]
[Black "Kotva,M"]
[Result "1-0"]
[WhiteElo "2364"]
[BlackElo "1996"]

1.Nf3 Nf6 2.c4 c6 3.d4 d5 4.Nc3 dxc4 5.a4 Bf5 6.Ne5 e6 7.f3 Bb4 8.e4 Bxe4
9.fxe4 Nxe4 10.Bd2 Qh4+ 11.g3 Nxg3 12.Nf3 Qh5 13.Rg1 Nxf1 14.Kxf1 Nd7 15.Rg5 Qh3+
16.Kg1 Nf6 17.Rg3 Qf5 18.Nb5 cxb5 19.Bxb4 Ne4 20.Rg2 a5 21.axb5 Qxb5 22.Qe1 g6
23.Ne5 Qd5 24.Qe3 b6 25.Nxc4 axb4 26.Rxa8+ Qxa8 27.Qxe4 Qa1+ 28.Kf2 O-O 29.Kg3 Qa2
30.Ne3 f5 31.Qf4 Qa7 32.Rc2 Rf7 33.Rc8+ Kg7 34.h4 Qd7 35.Qe5+ Kh6 36.Rb8 Qc7
37.Kf4 Qc6 38.Kg3 Qe4 39.Qf4+ Qxf4+ 40.Kxf4 Rd7 41.Ke5 Kh5 42.Re8 f4 43.Nf1 Kxh4
44.Rxe6 g5 45.Rh6+ Kg4 46.d5 Kf3 47.Ke6 Rd8 48.d6 g4 49.Nh2+ Kg3 50.Ke7 Rg8
51.Rxh7 Kf2 52.Nxg4+ Rxg4 53.d7  1-0

[Event "ch-VIE 2013"]
[Site "Ho Chi Minh City VIE"]
[Date "2013.11.19"]
[Round "1.6"]
[White "Nguyen Tan Thinh"]
[Black "Pham Chuong"]
[Result "0-1"]
[WhiteElo "1958"]
[BlackElo "2344"]

1.d4 d5 2.Nf3 Nf6 3.c4 c6 4.Nc3 dxc4 5.a4 Bf5 6.e3 e6 7.Bxc4 Bb4 8.Qb3 Qb6
9.O-O O-O 10.Nh4 Bd6 11.Re1 Qxb3 12.Bxb3 Bd3 13.e4 Bb4 14.e5 Nd5 15.Bd2 Be7
16.Nxd5 cxd5 17.Nf3 Nc6 18.Re3 Be4 19.Bc3 Rac8 20.g3 Nb4 21.Ne1 a5 22.Rd1 Rc6
23.f3 Bg6 24.h4 Rfc8 25.Rd2 Rb6 26.Bd1 Ra8 27.Bb3 h6 28.Ng2 Bb1 29.Rde2 Bh7
30.Nf4 Rc8 31.Rd2 Ra8 32.Kh2 Nd3 33.Nxd3 Rxb3 34.Nc1 Rb6 35.Kh3 Rc6 36.f4 b6
37.Ne2 h5 38.g4 hxg4+ 39.Kxg4 Bf5+ 40.Kg3 Kh7 41.Ng1 Rac8 42.Rg2 Rc4 43.h5 Rxa4
44.Kh2 Rh8 45.Reg3 g6 46.Nf3 Kg7  0-1

[Event "ch-VIE w 2013"]
[Site "Ho Chi Minh City VIE"]
[Date "2013.11.19"]
[Round "1.2"]
[White "Tran Le Dan Thuy"]
[Black "Le Kieu Thien Kim"]
[Result "1-0"]
[WhiteElo "1983"]
[BlackElo "2225"]

1.d4 d5 2.Nf3 Nf6 3.c4 dxc4 4.Nc3 c6 5.a4 Bf5 6.e3 e6 7.Bxc4 Bb4 8.O-O O-O
9.Bd2 h6 10.h3 Nbd7 11.Qe2 Qe7 12.e4 Bh7 13.e5 Nd5 14.Ne4 Bxd2 15.Nfxd2 Qh4
16.Qg4 Qxg4 17.hxg4 Nb4 18.Bb3 Nd3 19.f4 Nb6 20.Rf3 Nb4 21.f5 N6d5 22.Raf1 b6
23.Nc4 h5 24.gxh5 Bxf5 25.Ncd6 Bg4 26.Rxf7 Bxh5 27.Rxf8+ Rxf8 28.Rxf8+ Kxf8
29.Ng5 Ke7 30.Kh2 Kd7 31.Kh3 Nd3 32.Kh4 Be2 33.Bc4 N5f4 34.Ba6 Nxb2 35.Bc8+ Ke7
36.Nxe6 g5+ 37.Nxg5 Ng6+ 38.Kg3 c5 39.Bf5 Bd3 40.Nge4 Nf8 41.d5 Ba6 42.Nb5 Nxa4
43.Nxa7 Bb7 44.Nf6 c4 45.d6+ Kf7 46.Nb5 Nc5 47.Nd4 Nd3 48.Ng4 Nc5 49.Ne3 c3
50.Nb5 Nfd7 51.Kf4 Bc6 52.Nd4 Ba4 53.e6+ Nxe6+ 54.Nxe6 b5 55.Nd8+ Ke8 56.Nc6 Nb6
57.Nb4 Bb3 58.Ke5 Kd8 59.g4 Bf7 60.g5 Nd7+ 61.Kd4 Nf8 62.Kxc3 Be6 63.g6 Bg8
64.Nc6+ Ke8 65.Ne5 Ne6 66.Nd5  1-0

[Event "UT Dallas GM Inv 2013"]
[Site "Dallas USA"]
[Date "2013.11.24"]
[Round "5.2"]
[White "Iotov,V"]
[Black "Holt,C"]
[Result "1/2-1/2"]
[WhiteElo "2568"]
[BlackElo "2534"]

1.d4 d5 2.Nf3 Nf6 3.c4 c6 4.Nc3 dxc4 5.a4 Bf5 6.Ne5 Nbd7 7.Nxc4 Nb6 8.Ne5 a5
9.e3 g6 10.Bd3 Be6 11.O-O Bg7 12.f4 Nfd5 13.Ne4 f6 14.Nc5 Bg8 15.Qg4 Qc8
16.Bxg6+ hxg6 17.Qxg6+ Kf8 18.e4 Nc7 19.Ra3 Rh6 20.Qg3 Ne6 21.f5 Nxd4 22.Rf2 Rh7
23.Ng6+ Ke8 24.Be3 Nc4 25.Rd3 b6 26.Bxd4 bxc5 27.Nxe7 Qb8 28.Qg6+ Kf8 29.Bxc5 Qxh2+
30.Kf1 Bf7 31.Nd5+ Nd6 32.Qxh7 Qxh7 33.Bxd6+ Kg8 34.Ne7+ Kh8 35.Rh3 Bh6 36.g4 Bc4+
37.Ke1 Bd2+ 38.Kxd2 Qxh3 39.Rh2 Qxh2+ 40.Bxh2 Re8 41.Ng6+ Kg7 42.Ke3 Bb3
43.Bd6 Bxa4 44.e5 Bc2 45.Kf4 fxe5+ 46.Nxe5 Rd8 47.Be7 Rd4+ 48.Kg5 Bb3 49.f6+ Kg8
50.Kg6 Re4 51.Bd6 Rxe5 52.Bxe5 Bc2+ 53.Kg5 Kf7 54.Bc3 a4 55.Kf4 Bd1 56.g5 Kg6
57.Ke5 Bb3  1/2-1/2

[Event "76th ch-CRC 2013"]
[Site "San Jose CRC"]
[Date "2013.11.24"]
[Round "10.4"]
[White "Jimenez Garcia,Emmanuel"]
[Black "Carvajal Gorgona,J"]
[Result "1-0"]
[WhiteElo "2064"]
[BlackElo "2239"]

1.d4 d5 2.c4 c6 3.Nf3 Nf6 4.Nc3 dxc4 5.a4 Bf5 6.e3 e6 7.Bxc4 Bb4 8.Qb3 a5
9.O-O Nbd7 10.Bd2 Qb8 11.e4 Bg4 12.e5 Nd5 13.Ne4 Be7 14.Bg5 Bb4 15.h3 Bh5
16.Bd2 Be7 17.Ng3 Bg6 18.Bxd5 exd5 19.Be3 O-O 20.Nd2 Bh4 21.Ne2 b5 22.axb5 Qxb5
23.Qxb5 cxb5 24.Nc3 Bd3 25.Rfd1 Nb6 26.Nf3  1-0

[Event "2nd Hyderabad GM Open 2013"]
[Site "Hyderabad IND"]
[Date "2013.11.28"]
[Round "5.4"]
[White "Borovikov,V"]
[Black "Mirzoev,A"]
[Result "1-0"]
[WhiteElo "2558"]
[BlackElo "2519"]

1.d4 d5 2.Nf3 Nf6 3.c4 c6 4.Nc3 dxc4 5.a4 Bf5 6.e3 e6 7.Bxc4 Nbd7 8.O-O Bb4
9.Qe2 O-O 10.e4 Bg6 11.Bd3 Bh5 12.e5 Nd5 13.Nxd5 cxd5 14.Qe3 Re8 15.Ng5 Nf8
16.Nxh7 Nxh7 17.Bxh7+ Kxh7 18.Qh3 g6 19.g4 Rh8 20.gxh5 Kg8 21.h6 Be7 22.Qg4 Rc8
23.Be3 Rc2 24.b3 Rc3 25.Rfc1 Rxb3 26.Rc2 Kh7 27.Rac1 Rf8 28.Qf3 f5 29.exf6 Rxf6
30.Qg4 Qd6 31.Rc7 Rf7 32.Qg3 Qa3 33.Qe5 Rb6 34.Rc8 Bf8 35.R1c7 Kg8 36.Rxf7 Kxf7
37.Qf4+  1-0

[Event "1st Lima International 2013"]
[Site "Lima PER"]
[Date "2013.11.29"]
[Round "5.2"]
[White "Vidarte Morales,A"]
[Black "Mendoza,Ro"]
[Result "1/2-1/2"]
[WhiteElo "2330"]
[BlackElo "2198"]

1.Nf3 Nf6 2.c4 c6 3.Nc3 d5 4.d4 dxc4 5.a4 Bf5 6.e3 e6 7.Bxc4 Bb4 8.O-O O-O
9.Qe2 Bg4 10.Rd1 Bxc3 11.bxc3 Ne4 12.Qc2 Bxf3 13.gxf3 Nd6 14.Bd3 Qg5+ 15.Kf1 Qh5
16.Ke2 Nf5 17.Rg1 Re8 18.Rg4 Nd7 19.e4 Nf6 20.Rg1 Qxh2 21.Bg5 Nh5 22.exf5 exf5+
23.Kf1 Qh3+ 24.Rg2 Qh1+ 25.Rg1 Qh3+  1/2-1/2

[Event "XXVII Belgrade Trophy"]
[Site "Obrenovac SRB"]
[Date "2013.11.29"]
[Round "6.28"]
[White "Potpara,N"]
[Black "Rajcevic,S"]
[Result "1/2-1/2"]
[WhiteElo "2239"]
[BlackElo "2073"]

1.d4 d5 2.c4 c6 3.Nf3 Nf6 4.Nc3 dxc4 5.a4 Bf5 6.e3 e6 7.Bxc4 Bb4 8.O-O O-O
9.Nh4 Nbd7 10.Nxf5 exf5 11.Qc2 Nb6 12.Bb3 g6 13.f3 f4 14.Ne4 fxe3 15.Bxe3 Nbd5
16.Bg5 Be7 17.Bh6 Re8 18.a5 a6 19.Bc4 Bf8 20.Bg5 Be7 21.Qb3 Rb8 22.Rae1 Nh5
23.Bd2 Nhf6 24.Kh1 b5 25.axb6 Rxb6 26.Qa2 Qb8 27.Bc3 Rd8 28.Bxa6 Rd7 29.Bd3 Ra7
30.Qc4 Qf8 31.Nxf6+ Bxf6 32.Be4 Qd6 33.Bxd5 Qxd5 34.Re8+ Kg7 35.Qe2 Rd7 36.Rd1 Rbb7
37.Rc1 Bxd4 38.Rd1 c5 39.Re4 Qf5 40.Bxd4+ cxd4 41.Qd2 Qf6 42.Rf4 Qb6 43.Rb1 Qd6  1/2-1/2

[Event "5th Pilsen Open 2013"]
[Site "Plzen CZE"]
[Date "2013.11.29"]
[Round "6"]
[White "Kojima,S"]
[Black "Bartos,J"]
[Result "1-0"]
[WhiteElo "2364"]
[BlackElo "2259"]

1.Nf3 d5 2.d4 Nf6 3.c4 c6 4.Nc3 dxc4 5.a4 Bf5 6.Ne5 Nbd7 7.Nxc4 Qc7 8.g3 e5
9.dxe5 Nxe5 10.Bf4 Nfd7 11.Bg2 g5 12.Ne3 gxf4 13.Nxf5 O-O-O 14.Qc2 Nc5 15.O-O fxg3
16.hxg3 a5 17.Rfd1 h5 18.Rxd8+ Qxd8 19.Rd1 Qf6 20.Bh3 Kb8 21.Qd2 Rg8 22.Qd8+ Qxd8
23.Rxd8+ Kc7 24.Re8 Nc4 25.Nh6 Nd6 26.Ra8 Rh8 27.Rxa5 Kb6 28.Ra8 Bg7 29.a5+ Kc7
30.Rxh8 Bxh8 31.b4 Na6 32.Na2 Bg7 33.Nf5 Nxf5 34.Bxf5 Bf8 35.Bd3 Nxb4 36.Nxb4 Bxb4
37.a6 bxa6 38.Bxa6 Kd6 39.e3 f5 40.Be2 Ke5 41.Bxh5 c5 42.Bf7 Ba5 43.Kf1 Bb4
44.Ke2 Ba5 45.Bc4 Bb4 46.Bd3 Ba5 47.Kf1 Bb4 48.Kg1 Be1 49.Kg2 Bd2 50.Kh3 Be1
51.f4+ Kf6 52.e4 fxe4 53.Bxe4 Bd2 54.Bd3 Bc1 55.Kg4 Bd2 56.Kf3 Bc1 57.g4 c4
58.g5+ Kg7 59.Bxc4 Bd2 60.Kg4 Bc1 61.f5 Bb2 62.Bb5 Bc3 63.Be8 Bb2 64.Bh5 Bc3
65.Kf4 Bb2 66.Ke4 Bc3 67.Kd5 Bd2 68.f6+ Kf8 69.g6 Bh6 70.Ke6 Kg8 71.Ke7 Bf8+
72.Ke8 Bh6 73.Bg4 Bf8 74.Be6+ Kh8 75.Kf7  1-0

[Event "TCh-CZE Extraliga 2013-14"]
[Site "Poruba CZE"]
[Date "2013.12.01"]
[Round "4.8"]
[White "Malik,J"]
[Black "Cech,P"]
[Result "1/2-1/2"]
[WhiteElo "2295"]
[BlackElo "2387"]

1.d4 d5 2.Nf3 Nf6 3.c4 c6 4.Nc3 dxc4 5.a4 Bf5 6.e3 e6 7.Bxc4 Bb4 8.O-O O-O
9.Nh4 Bg6 10.Nxg6 hxg6 11.Qb3 Qe7 12.f3 c5 13.Na2 Ba5 14.Qb5 b6 15.dxc5 a6
16.Qb3 bxc5 17.e4 Nc6 18.Be3 Nd4 19.Bxd4 cxd4 20.Nc1 Bd2 21.Nd3 Rfc8 22.Qc2 Be3+
23.Kh1 Nd5 24.b3 Nb6 25.a5 Nxc4 26.bxc4 Qc7 27.c5 Rab8 28.Rfb1 Rxb1+ 29.Qxb1 Rb8
30.Qc2 g5 31.c6 Rc8 32.Nb4 Qd6 33.Rb1 d3 34.Qxd3 Qxd3 35.Nxd3 Rxc6 36.Nb4 Rc5
37.Ra1 Bd4 38.Nxa6 Rb5 39.Nc7 Rc5 40.Na6 Rb5 41.Nc7 Rc5  1/2-1/2